Euromarketing - podnikateľská koncepcia pre spoločný trh Európskej únie vedecký monografický zborník
Gespeichert in:
| Körperschaft: | |
|---|---|
| Weitere Verfasser: | , , , |
| Format: | Buch |
| Sprache: | Slowakisch |
| Veröffentlicht: |
Bratislava
Vydavateľstvo EKONÓM
2011
|
| Schlagworte: | |
| Tags: |
Keine Tags, Fügen Sie das erste Tag hinzu!
|
MARC
| LEADER | 00000nlm$a2200000$$$4500 | ||
|---|---|---|---|
| 001 | 0146864 | ||
| 005 | 20240502072643.5 | ||
| 020 | |a 978-80-225-3310-2 | ||
| 041 | 0 | |a slo | |
| 044 | |a SK | ||
| 245 | 1 | 0 | |a Euromarketing - podnikateľská koncepcia pre spoločný trh Európskej únie |b vedecký monografický zborník |c zostavili Peter Červenka, Ivan Hlavatý |
| 264 | 1 | |a Bratislava |b Vydavateľstvo EKONÓM |c 2011 | |
| 300 | |a CD-ROM [160 s.] | ||
| 610 | 2 | 0 | |a euromarketing |
| 610 | 2 | 0 | |a podnikanie |
| 610 | 2 | 0 | |a stratégia podnikateľská |
| 610 | 2 | 0 | |a trh spoločný |
| 610 | 2 | 0 | |a Európska únia |
| 700 | 1 | |a Červenka, Peter, 1976- | |
| 700 | 1 | |a Hlavatý, Ivan, 1978- | |
| 700 | 1 | |a Kita, Jaroslav | |
| 700 | 1 | |a Kriváň, Andrej | |
| 710 | 2 | |a Ekonomická univerzita v Bratislave. Obchodná fakulta | |